书目信息 |
| 题名: |
软件预构艺术
|
|
| 作者: | 普夫 著 ;O'Reilly Taiwan公司 编译 | |
| 分册: | ||
| 出版信息: | 南京 东南大学出版社 2007.09 |
|
| 页数: | 226页 | |
| 开本: | 23cm | |
| 丛书名: | ||
| 单 册: | ||
| 中图分类: | TP311.52 | |
| 科图分类: | ||
| 主题词: | 软件开发--ruan jian kai fa | |
| 电子资源: | ||
| ISBN: | 978-7-5641-0906-6 | |
| 000 | 01206nam0 2200277 450 | |
| 001 | 012008106067 | |
| 005 | 20080602143037.23 | |
| 010 | @a978-7-5641-0906-6@dCNY26.00 | |
| 100 | @a20080602d2007 em y0chiy0120 ea | |
| 101 | 1 | @achi@ceng |
| 102 | @aCN@b320000 | |
| 105 | @ay z 000yy | |
| 106 | @ar | |
| 200 | 1 | @a软件预构艺术@Aruan jian yu gou yi shu@f(美) Ken Pugh著@F(mei)Ken Pugh zhu@gO'Reilly Taiwan公司编译@GO'Reilly Taiwan gong si bian yi |
| 210 | @a南京@c东南大学出版社@d2007.09 | |
| 215 | @a226页@d23cm | |
| 312 | @a英文并列题名取自版权页 | |
| 314 | @a责任者汉译姓取自版权页 | |
| 330 | @a本书作者是经验老道的软件开发人员。书中,作者运用他个人和其他众多开发人员的丰富经验,展示由其推衍而得的各项实践方针。这些方针把优秀的开发人员在设计时隐而未显的考虑细节如实地呈现出来。许多方针都围绕着极致抽象化、极致隔离以及极致可读性这几个概念。在假想的软件项目和实际项目的介绍中,作者把实践方针呈现在读者面前。 | |
| 500 | 10 | @aPrefactoring@mChinese |
| 606 | 0 | @a软件开发@Aruan jian kai fa |
| 690 | @aTP311.52@v4 | |
| 701 | 1 | @a普夫@Apu fu@g(Pugh, Ken)@4著 |
| 712 | 02 | @aO'Reilly Taiwan公司@AO'Reilly Taiwan gong si@4编译 |
| 801 | 0 | @aCN@bQSSK@c20080602 |
| 905 | @b721157-58@dTP311.52@eP888@f2 | |
| 软件预构艺术/(美) Ken Pugh著/O'Reilly Taiwan公司编译.-南京:东南大学出版社,2007.09 |
| 226页;23cm |
| ISBN 978-7-5641-0906-6:CNY26.00 |
| 本书作者是经验老道的软件开发人员。书中,作者运用他个人和其他众多开发人员的丰富经验,展示由其推衍而得的各项实践方针。这些方针把优秀的开发人员在设计时隐而未显的考虑细节如实地呈现出来。许多方针都围绕着极致抽象化、极致隔离以及极致可读性这几个概念。在假想的软件项目和实际项目的介绍中,作者把实践方针呈现在读者面前。 |
| ● |
| 相关链接 |
|
|
|
正题名:软件预构艺术
索取号:TP311.52/P888
 
预约/预借
| 序号 | 登录号 | 条形码 | 馆藏地/架位号 | 状态 | 备注 |
| 1 | 721157 | 207211578 | 自科二线404/404自科库 18排3列6层/ [索取号:TP311.52/P888] | 在馆 | |
| 2 | 721158 | 207211587 | 期刊室512/301自科库 43排1列2层/ [索取号:TP311.52/P888] | 在馆 |